New Headway Pronunciation. Intermediate. Student's Pratice Book / (Record no. 12312)
[ view plain ]
| 000 -LEADER | |
|---|---|
| fixed length control field | 00704nam a22001937a 4500 |
| 008 - FIXED-LENGTH DATA ELEMENTS--GENERAL INFORMATION | |
| fixed length control field | 090709t xxu||||| |||| 00| 0 eng d |
| 020 ## - INTERNATIONAL STANDARD BOOK NUMBER | |
| International Standard Book Number | 0194362450 |
| 020 ## - INTERNATIONAL STANDARD BOOK NUMBER | |
| International Standard Book Number | 9780194362450 |
| 082 ## - DEWEY DECIMAL CLASSIFICATION NUMBER | |
| Edition number | 22 |
| Classification number | 428.34 |
| Item number | BOW |
| 100 ## - MAIN ENTRY--PERSONAL NAME | |
| 9 (RLIN) | 26079 |
| Personal name | Bowler, Bill |
| 245 ## - TITLE STATEMENT | |
| Title | New Headway Pronunciation. Intermediate. Student's Pratice Book / |
| Statement of responsibility, etc | Sarah Cunningham & Bill Bowler. |
| 260 ## - PUBLICATION, DISTRIBUTION, ETC. (IMPRINT) | |
| Place of publication, distribution, etc | Oxford : |
| Name of publisher, distributor, etc | Oxford Univ. Press, 1999 |
| Date of publication, distribution, etc | 1999 |
| 300 ## - PHYSICAL DESCRIPTION | |
| Extent | 63 p.: |
| Other physical details | ill.; |
| Dimensions | 24 cm. |
| 650 ## - SUBJECT ADDED ENTRY--TOPICAL TERM | |
| 9 (RLIN) | 2389 |
| Topical term or geographic name as entry element | English language |
| Form subdivision | Textbooks for foreign speakers. |
| 650 ## - SUBJECT ADDED ENTRY--TOPICAL TERM | |
| 9 (RLIN) | 7771 |
| Topical term or geographic name as entry element | English language |
| Form subdivision | Textbooks for foreign speakers. |
| General subdivision | Pronunciation. |
| 653 ## - INDEX TERM--UNCONTROLLED | |
| Resource For college | |
| 700 ## - ADDED ENTRY--PERSONAL NAME | |
| 9 (RLIN) | 14288 |
| Personal name | Cunningham, Sarah |
| 942 ## - ADDED ENTRY ELEMENTS (KOHA) | |
| Source of classification or shelving scheme | Dewey Decimal Classification |
| Item type | Book - Borrowing |
| Withdrawn status | Item status | Source of classification or shelving scheme | Damaged status | Not for loan | Vendor | Home library | Current library | Shelving location | Date acquired | Cost, normal purchase price | Serial Enumeration / chronology | Total Checkouts | Full call number | Barcode | Date last seen | Koha item type | Source of acquisition | Total Renewals | Date last borrowed | Public note |
|---|---|---|---|---|---|---|---|---|---|---|---|---|---|---|---|---|---|---|---|---|
| Dewey Decimal Classification | Baccah | Central Library | Central Library | Second Floor | 09/07/2009 | 80.00 | 8139 | 428.34 BOW | 000017404 | 15/07/2025 | Book - Borrowing | |||||||||
| Dewey Decimal Classification | Baccah | Central Library | Central Library | Second Floor | 09/07/2009 | 2 | 428.34 BOW | 000017421 | 24/08/2022 | CD | DVD - With book | 1 | 12/10/2016 | 2 CDs |